000 00204 a2200097 4500
020 _a9788417079048
041 _aspa
100 _aCabrera, Aleix
245 _aLa princesa criseta y su hamster
942 _cBK
999 _c30881
_d30879